| 000 | 00978cas a2200277 i 4500 | ||
|---|---|---|---|
| 999 |
_c200445851 _d64063 |
||
| 001 | 200445851 | ||
| 003 | TR-AnTOB | ||
| 005 | 20221006175001.0 | ||
| 007 | ta | ||
| 008 | 901004s1987 tu 00000 tur d | ||
| 040 |
_aTR-AnTOB _beng _erda _cTR-AnTOB _dTR-AnTOB |
||
| 041 | 0 | _atur | |
| 050 | 1 | 4 |
_aHG5706.5.A3 _bY33 1987 |
| 090 |
_aTOBBK HG5706.5.A3 _bY33 1987 |
||
| 245 | 0 | 0 |
_aYabancı sermaye raporu (1983-1986) / _cT.C. Başbakanlık Devlet Planlama Teşkilatı Yabancı Sermaye Genel Müdürlüğü. |
| 264 | 1 |
_aAnkara : _bT.C. Başbakanlık Devlet Planlama Teşkilatı, _c1987. |
|
| 300 |
_a85 pages : _btables ; _c22 cm |
||
| 336 |
_atext _btxt _2rdacontent |
||
| 337 |
_aunmediated _bn _2rdamedia |
||
| 338 |
_avolume _bnc _2rdacarrier |
||
| 650 | 7 |
_aYatırımlar, Dış _zTürkiye _2etuturkob _949728 |
|
| 710 | 1 |
_aTürkiye. _9137361 _bYabancı Sermaye Genel Müdürlüğü |
|
| 942 |
_2z _cBK |
||